Building high-speed networks

This book explains the major technological components that form the foundation of high-performance networks and shows how to identify and correct common bottleenecks.

Zapisane w:
Opis bibliograficzny
1. autor: Tere Parnell
Format: Książka
Język:Undetermined
Wydane: Berkely, California McGraw-Hill 2000
Hasła przedmiotowe:
Etykiety: Dodaj etykietę
Nie ma etykietki, Dołącz pierwszą etykiete!
Thư viện lưu trữ: Trung tâm Học liệu Trường Đại học Cần Thơ
LEADER 00735nam a2200205Ia 4500
001 CTU_37550
008 210402s9999 xx 000 0 und d
020 |b 540.000đ 
082 |a 004.68 
082 |b P256 
100 |a Tere Parnell 
245 0 |a Building high-speed networks 
245 0 |c Tere Parnell 
260 |a Berkely, California 
260 |b McGraw-Hill 
260 |c 2000 
520 |a This book explains the major technological components that form the foundation of high-performance networks and shows how to identify and correct common bottleenecks. 
650 |a client/server computing,extranets ( computer networks ),internet 
904 |i Minh, 000802 
980 |a Trung tâm Học liệu Trường Đại học Cần Thơ